Secularism in the constituent assembly debates, 1946-1950 (Record no. 53151)

000 -LEADER
fixed length control field 01254pab a2200157 454500
008 - FIXED-LENGTH DATA ELEMENTS--GENERAL INFORMATION
fixed length control field 180718b2002 xxu||||| |||| 00| 0 eng d
100 ## - MAIN ENTRY--PERSONAL NAME
Personal name Jha, Shefali
245 ## - TITLE STATEMENT
Title Secularism in the constituent assembly debates, 1946-1950
260 ## - PUBLICATION, DISTRIBUTION, ETC.
Date of publication, distribution, etc. 2002
300 ## - PHYSICAL DESCRIPTION
Extent p.3175-180.
362 ## - DATES OF PUBLICATION AND/OR SEQUENTIAL DESIGNATION
Dates of publication and/or sequential designation 27 Jul
520 ## - SUMMARY, ETC.
Summary, etc. Secularism, it has been argued, failed to stem the spread of communalism in India, because it marginalising and contempt of religion bred a backlash on which communalism thrived. This article contends that this 'contempt for religion' was marginalised in the course of the secularism debates in the Constituent Assembly. The dominant position on secularism that a 'democratic' Constitution find place for religion as a way of life for most Indians triumphed over those who wished for the Assembly to grant only a narrow right to religious freedom, or to make the uniform civil code a fundamental right. These early discussions on religious freedom also highlight a paradox - it is precisely some of the advocates of a broad right to religious freedom who were also the most vociferous opponents of any political rights for religious minorities. - Reproduced.
650 ## - SUBJECT ADDED ENTRY--TOPICAL TERM
Topical term or geographic name entry element Secularism
773 ## - HOST ITEM ENTRY
Main entry heading Economic and Political Weekly
909 ## -
-- 53151
Holdings
Withdrawn status Lost status Damaged status Not for loan Permanent Location Current Location Date acquired Serial Enumeration / chronology Barcode Date last seen Price effective from Koha item type
        Indian Institute of Public Administration Indian Institute of Public Administration 2018-07-19 Volume no: 37, Issue no: 30 AR53588 2018-07-19 2018-07-19 Articles

Powered by Koha